000 01109 a2200241 4500
003 Nust
005 20221028142708.0
010 _a 82013000
020 _a0316081647 (pbk.)
040 _cNust
082 0 0 _a006.6,BAR
100 1 _aBarnett, Michael P.
_9101638
245 1 0 _aPersonal graphics for profit and pleasure on the Apple? II Plus computer /
_cMichael P. Barnett, Graham K. Barnett.
260 _aBoston :
_bLittle, Brown,
_cc1983.
300 _axiii, 192 p. :
_bill. ;
_c28 cm.
440 0 _aLittle, Brown computer systems series
_9101639
440 0 _aLittle, Brown microcomputer bookshelf
_9101640
505 _aWhat is in this Book for You? (page-1), Drawing Some Friends and Foes (page-7), Building Blocks and Shape Tables (page-27), Going Around in Circles (page-57), A Little Plotting and Scheming (page-75), A Medley of motley Curves (page-111), Some Further Directions (Page-163), A Short Account of Apple soft (page-173).
650 0 _aApple II Plus (Computer)
_9101641
650 0 _aComputer graphics.
_91225
700 1 _aBarnett, Graham K.
_9101642
942 _2ddc
_cBK
_k006.6,BAR
999 _c179725
_d179725